Labor in state-socialist Europe, 1945-1989 : contributions to a history of work /

Bibliographic Details
Other Authors: Siefert, Marsha, 1949- (Editor)
Format: eBook
Language:English
Published: Budapest, Hungary ; New York, NY : Central European University Press, 2020.
Series:Work and labor: transdisciplinary studies for the 21st century ; volume 1
Central European Press book series
Subjects:
Online Access:Connect to the full text of this electronic book

MARC

Tag First Indicator Second Indicator Subfields
LEADER 00000cam a2200000 i 4500
001 in00004436921
005 20210422122418.0
006 m o d
007 cr |||||||||||
008 191004t20202020hu a ob 001 0 eng
010 |a  2019043576 
020 |a 9789633863381  |q adobe electronic book 
020 |a 9633863384  |q adobe electronic book 
020 |z 9789633863374  |q hardcover 
035 |a 6455140 
040 |a NhCcYBP  |c NhCcYBP  |d UtOrBLW 
042 |a pcc 
043 |a ee-----  |a ec----- 
050 4 |a HD8380.7  |b .L23 2020 
082 0 0 |a 331.12/042094309045  |2 23 
245 0 0 |a Labor in state-socialist Europe, 1945-1989 :  |b contributions to a history of work /  |c edited by Marsha Siefert. 
264 1 |a Budapest, Hungary ;  |a New York, NY :  |b Central European University Press,  |c 2020. 
264 4 |c ©2020 
300 |a 1 online resource. 
336 |a text  |b txt  |2 rdacontent 
337 |a computer  |b n  |2 rdamedia 
338 |a online resource  |b nc  |2 rdacarrier 
490 0 |a Work and labor: transdisciplinary studies for the 21st century ;  |v volume 1 
490 0 |a Central European Press book series 
504 |a Includes bibliographical references and index. 
588 |a Description based on online resource; title from digital title page (viewed on September 21, 2020). 
500 |a Electronic resource. 
650 0 |a Labor  |z Europe, Eastern  |x History  |y 20th century. 
650 0 |a Labor  |z Europe, Central  |x History  |y 20th century. 
650 0 |a Socialism  |z Europe, Eastern  |x History  |y 20th century. 
650 0 |a Socialism  |z Europe, Central  |x History  |y 20th century. 
648 7 |a 1900-1999  |2 fast 
655 7 |a Electronic books.  |2 local 
700 1 |a Siefert, Marsha,  |d 1949-  |e editor.  |0 http://id.loc.gov/authorities/names/n83021270 
776 1 8 |i Print version:  |t Labor in state-socialist Europe, 1945-1989  |d Budapest, Hungary ; New York, NY : Central European University Press, 2020.  |z 9789633863374  |w (DLC) 2019043575 
856 4 0 |u http://proxy.library.tamu.edu/login?url=https://www.jstor.org/stable/10.7829/j.ctv16f6cpk  |z Connect to the full text of this electronic book  |t 0 
955 |a JSTOR DDA record 
999 f f |s 1b442c3f-9412-3c96-a29a-dde34c29ec36  |i fe9e0e16-e91a-3dc5-a6ab-45c029dfb5ed  |t 0 
952 f f |a Texas A&M University  |b College Station  |c Electronic Resources  |d Available Online  |t 0  |e HD8380.7 .L23 2020  |h Library of Congress classification 
998 f f |a HD8380.7 .L23 2020  |t 0  |l Available Online